Overview on rubberwood preservation technology (Record no. 47828)

MARC details
000 -LEADER
fixed length control field 00391nam a2200157Ia 4500
100 ## - MAIN ENTRY--AUTHOR NAME
Personal name Jiang M L
245 #0 - TITLE STATEMENT
Title Overview on rubberwood preservation technology
260 ## - PUBLICATION, DISTRIBUTION, ETC. (IMPRINT)
Name of publisher China Wood Industry
Year of publication 1996
300 ## - PHYSICAL DESCRIPTION
Number of Pages 22-24
500 ## - GENERAL NOTE
General note CAB CD 1997
650 ## - SUBJECT ADDED ENTRY--TOPICAL TERM
Topical Term China
650 ## - SUBJECT ADDED ENTRY--TOPICAL TERM
Topical Term Wood preservatives
700 ## - ADDED ENTRY--PERSONAL NAME
Personal name Zhang H P
942 ## - ADDED ENTRY ELEMENTS (KOHA)
Koha item type Bibliography RLWO
Holdings
Withdrawn status Lost status Damaged status Not for loan Home library Current library Date acquired Serial Enumeration / chronology Koha item type
      Bibliography RRII Library RRII Library 31/12/2021 Volume 10, Issue 6 Bibliography RLWO